000 00241 a2200085 4500
020 _a9780691176468
100 _a William A. P. Childs
245 _aGreek Art and Aesthetics in the Fourth Century B.C.
260 _bPrinceton University Press
_c2018
999 _c13267
_d13267